[Event "CAN-ch U1600"]
[Site "Kingston CAN"]
[Date "2019.04.19"]
[Round "3.47"]
[White "De Leon, Rut Jurry"]
[Black "Li, Allen"]
[Result "0-1"]
[WhiteElo "1063"]
[BlackElo "1262"]
[PlyCount "106"]
[EventDate "2019.04.18"]
[EventType "swiss"]
[EventRounds "9"]
[EventCountry "CAN"]

1. g3 d5 2. Bg2 Nf6 3. d3 c6 4. Nd2 e5 5. Ngf3 Bd6 6. e4 d4 7. O-O b5 8. a3 a5
9. c3 c5 10. Qc2 O-O 11. c4 Bd7 12. cxb5 Bxb5 13. Nc4 Re8 14. Qb3 Bxc4 15. Qxc4
Nbd7 16. Bg5 h6 17. Bd2 a4 18. b4 cxb4 19. Bxb4 Bxb4 20. Qxb4 Qa5 21. Rab1 Nc5
22. Rfd1 Nb3 23. Qxa5 Rxa5 24. Nd2 Rb8 25. Nc4 Rab5 26. Nd2 Nxd2 27. Rxb5 Rxb5
28. Rxd2 Rb3 29. f4 exf4 30. gxf4 Rxa3 31. e5 Ng4 32. Be4 g6 33. Rb2 Rb3 34.
Ra2 a3 35. f5 gxf5 36. Bxf5 Ne3 37. Be4 Rc3 38. Ra1 Nc2 39. Ra2 Nb4 40. Ra1 a2
41. Bf5 Kf8 42. e6 Rb3 43. Re1 fxe6 44. Bxe6 Rb1 45. Bxa2 Rxe1+ 46. Kf2 Nxd3+
47. Kf3 Re8 48. Kg4 Kg7 49. h3 Kg6 50. Bb1 Re3 51. Kh4 Kf5 52. Bxd3+ Rxd3 53.
Kh5 Rxh3# 0-1

[Event "CAN-ch U1600"]
[Site "Kingston CAN"]
[Date "2019.04.19"]
[Round "3.48"]
[White "He, Zekai"]
[Black "Hay, Jonathan"]
[Result "1-0"]
[WhiteElo "1293"]
[BlackElo "1075"]
[PlyCount "105"]
[EventDate "2019.04.18"]
[EventType "swiss"]
[EventRounds "9"]
[EventCountry "CAN"]

1. e4 c5 2. Nc3 Nc6 3. Nge2 e5 4. g3 Nf6 5. Bg2 d6 6. O-O Be6 7. d3 h6 8. f4
Bd7 9. h3 h5 10. f5 Be7 11. Be3 Nd4 12. Bd2 g6 13. fxg6 fxg6 14. Nxd4 cxd4 15.
Ne2 Qc8 16. Kh2 Ng4+ 17. hxg4 h4 18. gxh4 Rxh4+ 19. Kg1 Qc5 20. b4 Qc7 21. Qc1
O-O-O 22. Bg5 Bxg5 23. Qxg5 Rxg4 24. Qh6 Re8 25. Rf8 Qd8 26. Rxe8 Bxe8 27. Rf1
Qe7 28. Qf8 Rxg2+ 29. Kxg2 Qg5+ 30. Ng3 Kd7 31. Rf6 Qd2+ 32. Rf2 Qg5 33. Qf6
Qc1 34. b5 Kc7 35. Qe7+ Bd7 36. Rf7 Qd2+ 37. Rf2 Qc1 38. Qg7 Qb2 39. Qxg6 Qxb5
40. Nf5 Bxf5 41. Qxf5 Kb6 42. Qe6 Kc6 43. Qe8+ Kb6 44. Qxb5+ Kxb5 45. Rf6 Kc6
46. Kf3 b5 47. Kg4 a5 48. Kf5 Kd7 49. Re6 b4 50. Kf6 a4 51. Re7+ Kc6 52. Ke6 d5
53. exd5+ 1-0

[Event "CAN-ch U1600"]
[Site "Kingston CAN"]
[Date "2019.04.19"]
[Round "3.49"]
[White "Liao, Austin"]
[Black "Wang, Derek"]
[Result "0-1"]
[WhiteElo "902"]
[BlackElo "1459"]
[PlyCount "46"]
[EventDate "2019.04.18"]
[EventType "swiss"]
[EventRounds "9"]
[EventCountry "CAN"]

1. e4 e5 2. Nf3 Nc6 3. Bc4 Nf6 4. Nc3 Nxe4 5. Nxe4 d5 6. Bxd5 Qxd5 7. Nc3 Qd8
8. d3 h6 9. Qe2 Bg4 10. h3 Bxf3 11. Qxf3 Nd4 12. Qd1 Bd6 13. Be3 c6 14. Bxd4
exd4 15. Ne4 Bb4+ 16. Kf1 O-O 17. a3 Ba5 18. g3 Qd5 19. Rg1 Rae8 20. b4 Bb6 21.
c4 dxc3 22. Nxc3 Qf5 23. g4 Qxf2# 0-1

[Event "CAN-ch U1600"]
[Site "Kingston CAN"]
[Date "2019.04.19"]
[Round "3.50"]
[White "Chocina, Adam"]
[Black "De Leon, Raf Adrik"]
[Result "1-0"]
[WhiteElo "1179"]
[BlackElo "1247"]
[PlyCount "105"]
[EventDate "2019.04.18"]
[EventType "swiss"]
[EventRounds "9"]
[EventCountry "CAN"]

1. d4 g6 2. c4 Bg7 3. Nf3 d6 4. Nc3 Nf6 5. Bg5 Bf5 6. e3 Nc6 7. Be2 O-O 8. O-O
Re8 9. Qb3 Rb8 10. Rfd1 e6 11. h3 h6 12. Bxf6 Qxf6 13. e4 Bxh3 14. gxh3 Qf4 15.
Qc2 e5 16. dxe5 Nxe5 17. Nh2 Qg5+ 18. Kh1 Qh4 19. Bf1 Rf8 20. Bg2 f5 21. Rf1
fxe4 22. Nxe4 Rf4 23. Rae1 Rbf8 24. b3 g5 25. f3 h5 26. Qe2 g4 27. fxg4 hxg4
28. Rxf4 Rxf4 29. Qe3 Bh6 30. Qg3 Qh5 31. Qxf4 Bxf4 32. Nf6+ Kh8 33. Nxh5 gxh3
34. Nxf4 hxg2+ 35. Kxg2 Kg8 36. Nf3 Nc6 37. Nd5 Kf7 38. Nxc7 Nb4 39. a4 a6 40.
Ng5+ Kf6 41. Ne4+ Kg6 42. Nxd6 Nd3 43. Rf1 Ne5 44. Rf5 Ng4 45. Kf3 Nf6 46. Nd5
Nd7 47. Ne7+ Kh6 48. Kf4 Kg7 49. Kg5 b6 50. Rf7+ Kh8 51. Kg6 Ne5+ 52. Kh6 Nd7
53. Rh7# 1-0

[Event "CAN-ch U1600"]
[Site "Kingston CAN"]
[Date "2019.04.20"]
[Round "4.40"]
[White "Azroy, Arman"]
[Black "Hua, Gary"]
[Result "0-1"]
[WhiteElo "1560"]
[BlackElo "1582"]
[PlyCount "84"]
[EventDate "2019.04.18"]
[EventType "swiss"]
[EventRounds "9"]
[EventCountry "CAN"]

1. e4 d5 2. exd5 Qxd5 3. Nc3 Qd6 4. Nf3 Bg4 5. Be2 Nf6 6. d3 c6 7. Nd2 Bxe2 8.
Qxe2 Nbd7 9. Nde4 Qc7 10. Nxf6+ Nxf6 11. Ne4 Nxe4 12. Qxe4 e6 13. Bf4 Qa5+ 14.
Bd2 Qd5 15. O-O Qxe4 16. dxe4 Bc5 17. Rad1 O-O 18. Bf4 Rfd8 19. Bc7 Rd4 20.
Rxd4 Bxd4 21. c3 Rc8 22. cxd4 Rxc7 23. Rd1 Rd7 24. Kf1 e5 25. d5 cxd5 26. Rxd5
Rxd5 27. exd5 f5 28. Ke2 Kf7 29. Kd3 Ke7 30. f3 Kd6 31. Kc4 a6 32. a4 b5+ 33.
axb5 axb5+ 34. Kxb5 Kxd5 35. Kb4 Kd4 36. Kb3 Kd3 37. Ka4 e4 38. b4 e3 39. b5 e2
40. b6 e1=Q 41. b7 Kc4 42. b8=Q Qa1# 0-1

[Event "CAN-ch U1600"]
[Site "Kingston CAN"]
[Date "2019.04.20"]
[Round "4.41"]
[White "Wang, Rachel"]
[Black "Sztuka, Jeremy"]
[Result "1-0"]
[WhiteElo "1528"]
[BlackElo "1454"]
[PlyCount "109"]
[EventDate "2019.04.18"]
[EventType "swiss"]
[EventRounds "9"]
[EventCountry "CAN"]

1. d4 b6 2. e4 Bb7 3. Bd3 e6 4. Nf3 c5 5. c3 cxd4 6. cxd4 Ne7 7. O-O Ng6 8. Be3
Be7 9. Nc3 O-O 10. Rc1 Nc6 11. a3 Rc8 12. Ne1 Bf6 13. Bb1 Ba6 14. Bd3 Bxd3 15.
Qxd3 Na5 16. Na2 Rxc1 17. Bxc1 Qc7 18. f4 Rc8 19. e5 Be7 20. f5 exf5 21. Rxf5
Qc4 22. Qc3 Qxc3 23. Nxc3 Nb3 24. Be3 d6 25. Nd5 dxe5 26. Nxe7+ Nxe7 27. Rxe5
Nc6 28. Rd5 Rd8 29. Rxd8+ Nxd8 30. Kf2 f6 31. Ke2 Kf7 32. Kd3 Ke6 33. Kc3 Na5
34. Nd3 g5 35. Nb4 Nac6 36. d5+ Kd6 37. Nxc6 Nxc6 38. dxc6 Kxc6 39. Bd4 f5 40.
h3 h5 41. Bf6 g4 42. hxg4 hxg4 43. Kd4 f4 44. Ke4 f3 45. gxf3 gxf3 46. Kxf3 Kd5
47. Ke3 Kc4 48. Ke4 b5 49. Bc3 Kb3 50. Kd4 a5 51. Bxa5 Kxb2 52. Bb4 Kb3 53. Kc5
Ka4 54. Kb6 Kb3 55. Kxb5 1-0

[Event "CAN-ch U1600"]
[Site "Kingston CAN"]
[Date "2019.04.20"]
[Round "4.42"]
[White "He, Jiaqi"]
[Black "Bilodeau-Savaria, Carl-William"]
[Result "1/2-1/2"]
[WhiteElo "1451"]
[BlackElo "1313"]
[PlyCount "100"]
[EventDate "2019.04.18"]
[EventType "swiss"]
[EventRounds "9"]
[EventCountry "CAN"]

1. e4 e5 2. Nf3 Nc6 3. Bc4 Bc5 4. d3 Nf6 5. O-O h6 6. h3 d6 7. c3 a6 8. Bb3 O-O
9. Re1 Re8 10. Nbd2 b5 11. Nf1 Ne7 12. d4 exd4 13. cxd4 Bb4 14. Bd2 Bxd2 15.
Qxd2 Bb7 16. Ng3 Ng6 17. Bc2 c5 18. d5 a5 19. Rad1 Nd7 20. Nf5 Nde5 21. Nxe5
Nxe5 22. b3 Bc8 23. Ng3 Bd7 24. f4 Ng6 25. Qf2 Qh4 26. Rf1 b4 27. Bd3 a4 28. e5
dxe5 29. Bxg6 fxg6 30. fxe5 Rxe5 31. Qf7+ Kh7 32. Qxd7 Qxg3 33. Qc6 Re2 34. d6
Ra6 35. Qf3 Qxf3 36. Rxf3 Re8 37. d7 Rd8 38. Re3 Ra7 39. Re7 axb3 40. axb3 g5
41. Rd6 Rb7 42. Kf2 c4 43. bxc4 b3 44. Rd1 b2 45. Rb1 Kg6 46. Re2 Rdxd7 47.
Rbxb2 Rxb2 48. Rxb2 Rc7 49. Rc2 Kf5 50. Kf3 g6 1/2-1/2

[Event "CAN-ch U1600"]
[Site "Kingston CAN"]
[Date "2019.04.20"]
[Round "4.43"]
[White "Douglas, Steven"]
[Black "Chau, Jonathan"]
[Result "0-1"]
[WhiteElo "1492"]
[BlackElo "934"]
[PlyCount "48"]
[EventDate "2019.04.18"]
[EventType "swiss"]
[EventRounds "9"]
[EventCountry "CAN"]

1. e4 e5 2. Bc4 Nf6 3. d3 Nc6 4. Nf3 d6 5. a3 Bg4 6. O-O Nd4 7. Nbd2 Nxf3+ 8.
Nxf3 d5 9. Ba2 dxe4 10. dxe4 Qxd1 11. Rxd1 Bd6 12. Re1 h6 13. Bd2 O-O-O 14. Bb4
Bxb4 15. axb4 Bxf3 16. gxf3 Rd7 17. Bc4 Kb8 18. Ra3 Rhd8 19. Bd3 c6 20. Ra5 Nh5
21. Rea1 a6 22. Rxe5 Nf4 23. Bf1 g6 24. Ra3 Rd1 0-1

[Event "CAN-ch U1600"]
[Site "Kingston CAN"]
[Date "2019.04.20"]
[Round "4.44"]
[White "Li, Allen"]
[Black "Paulsen, Lorenz"]
[Result "1-0"]
[WhiteElo "1262"]
[BlackElo "1434"]
[PlyCount "45"]
[EventDate "2019.04.18"]
[EventType "swiss"]
[EventRounds "9"]
[EventCountry "CAN"]

1. e4 c5 2. Nf3 d6 3. g3 Nc6 4. Bg2 Nf6 5. d3 e6 6. O-O Be7 7. c3 Qc7 8. Re1
O-O 9. a3 b5 10. b4 cxb4 11. axb4 Bb7 12. Be3 Rfd8 13. Nd4 a6 14. f4 d5 15.
Nxc6 Bxc6 16. e5 Ne8 17. d4 a5 18. bxa5 Rxa5 19. Rxa5 Qxa5 20. Qb3 Qa4 21. Nd2
Ra8 22. Rb1 Rb8 23. Qxa4 1-0

[Event "CAN-ch U1600"]
[Site "Kingston CAN"]
[Date "2019.04.20"]
[Round "4.45"]
[White "Wang, Derek"]
[Black "He, Zekai"]
[Result "1-0"]
[WhiteElo "1459"]
[BlackElo "1293"]
[PlyCount "155"]
[EventDate "2019.04.18"]
[EventType "swiss"]
[EventRounds "9"]
[EventCountry "CAN"]

1. e4 c5 2. Nf3 e6 3. d4 cxd4 4. Nxd4 a6 5. c4 Qc7 6. Nc3 Nf6 7. a3 Be7 8. Be3
O-O 9. Be2 Nc6 10. f3 d6 11. Qd2 Ne5 12. Rc1 Bd7 13. O-O Ng6 14. Rfd1 Rad8 15.
b4 b6 16. Nb3 Rfe8 17. b5 a5 18. Na4 Rb8 19. Kh1 Red8 20. Nxb6 Rxb6 21. Bxb6
Qxb6 22. Nxa5 Ra8 23. Nb3 Rxa3 24. Qd4 Qxd4 25. Nxd4 Ra8 26. Ra1 Rb8 27. Ra7 h6
28. Nc6 Bxc6 29. bxc6 Rc8 30. Ra6 Ne5 31. c5 dxc5 32. Bb5 Ne8 33. Rd7 Nc7 34.
Rxe7 Nxa6 35. Bxa6 Rxc6 36. Be2 c4 37. Rb7 c3 38. Rb1 Kf8 39. Kg1 Nd7 40. Rc1
Rc5 41. Kf2 Nb6 42. Ke3 e5 43. Kd3 Na4 44. Bd1 Nb2+ 45. Kc2 Nxd1 46. Rxd1 Ke7
47. Rd3 Ke6 48. Rxc3 Rxc3+ 49. Kxc3 Kf6 50. Kc4 Kg5 51. Kd5 f6 52. g3 h5 53.
h4+ Kh6 54. Ke6 Kg6 55. g4 hxg4 56. fxg4 Kh6 57. Kf5 Kh7 58. g5 fxg5 59. hxg5
Kg8 60. Kxe5 Kf7 61. Kf5 g6+ 62. Ke5 Ke7 63. Kd4 Kd7 64. e5 Ke7 65. e6 Ke8 66.
e7 Kxe7 67. Ke5 Kf7 68. Kd6 Kf8 69. Ke6 Kg7 70. Ke7 Kg8 71. Kf6 Kh7 72. Kf7 Kh8
73. Kxg6 Kg8 74. Kh6 Kh8 75. g6 Kg8 76. g7 Kf7 77. Kh7 Ke7 78. g8=Q 1-0

[Event "CAN-ch U1600"]
[Site "Kingston CAN"]
[Date "2019.04.20"]
[Round "4.46"]
[White "Guillemette, Hugo"]
[Black "Gougeon, Patrick"]
[Result "1-0"]
[WhiteElo "1210"]
[BlackElo "1204"]
[PlyCount "87"]
[EventDate "2019.04.18"]
[EventType "swiss"]
[EventRounds "9"]
[EventCountry "CAN"]

1. e4 d5 2. exd5 Qxd5 3. Nc3 Qd6 4. d4 Nf6 5. Nf3 g6 6. Ne5 Bg7 7. Bc4 O-O 8.
O-O c6 9. Be3 Bf5 10. Re1 Nbd7 11. f4 Ne4 12. Nxe4 Bxe4 13. Bf2 Bf5 14. Qe2
Rae8 15. Rad1 b6 16. c3 Be6 17. Bxe6 Qxe6 18. b3 f6 19. Nxd7 Qxd7 20. Qe6+ Qxe6
21. Rxe6 Kf7 22. Rxc6 Rc8 23. Rxc8 Rxc8 24. c4 e6 25. Kf1 Bf8 26. Ke2 f5 27. c5
bxc5 28. dxc5 Ke8 29. b4 a6 30. a4 Rd8 31. Rxd8+ Kxd8 32. Kd3 Kd7 33. b5 axb5
34. axb5 Kc7 35. Kc4 Be7 36. Kb4 Kb7 37. Bd4 h6 38. Ka5 Bd8+ 39. b6 g5 40. Kb5
gxf4 41. c6+ Ka8 42. b7+ Kb8 43. Ka6 Bc7 44. Ba7# 1-0

[Event "CAN-ch U1600"]
[Site "Kingston CAN"]
[Date "2019.04.20"]
[Round "4.47"]
[White "Lee, Ji Won"]
[Black "Bilodeau-Savaria, Sandy-Rose"]
[Result "1-0"]
[WhiteElo "1365"]
[BlackElo "1150"]
[PlyCount "61"]
[EventDate "2019.04.18"]
[EventType "swiss"]
[EventRounds "9"]
[EventCountry "CAN"]

1. d4 d5 2. Bf4 Nf6 3. e3 Nc6 4. c3 e6 5. Nd2 Bd6 6. Bg3 O-O 7. Ngf3 Bxg3 8.
hxg3 b6 9. Bd3 h6 10. Ne5 Nxe5 11. dxe5 Nd7 12. f4 a5 13. Qg4 Kh8 14. Nf3 Nc5
15. Bc2 Ne4 16. Ng5 f5 17. Qh4 Kg8 18. Bxe4 fxe4 19. Nh3 Qd7 20. a4 Ba6 21. g4
c5 22. g5 Qe7 23. Qg4 Kh8 24. gxh6 gxh6 25. Ng5 Kg8 26. Rxh6 Qg7 27. Qxe6+ Rf7
28. Rg6 Raf8 29. Nxf7 Rxf7 30. Rxg7+ Kxg7 31. O-O-O 1-0

[Event "CAN-ch U1600"]
[Site "Kingston CAN"]
[Date "2019.04.20"]
[Round "4.48"]
[White "Hay, Jonathan"]
[Black "Mai, Deren"]
[Result "1/2-1/2"]
[WhiteElo "1075"]
[BlackElo "1242"]
[PlyCount "56"]
[EventDate "2019.04.18"]
[EventType "swiss"]
[EventRounds "9"]
[EventCountry "CAN"]

1. e4 e5 2. Nf3 Nc6 3. c3 Nf6 4. d4 exd4 5. e5 Qe7 6. cxd4 d6 7. Bb5 Bd7 8. O-O
Nd5 9. Re1 O-O-O 10. Qb3 Nb6 11. Bg5 Nxd4 12. Bxd7+ Rxd7 13. Bxe7 Nxb3 14. axb3
Bxe7 15. Rxa7 h5 16. Nc3 d5 17. Rea1 Kb8 18. Na4 Nxa4 19. R1xa4 b5 20. Ra8+ Kb7
21. R4a7+ Kb6 22. Ra6+ Kb7 23. R8a7+ Kb8 24. Nd4 Kc8 25. Ra8+ Kb7 26. R8a7+ Kc8
27. Ra8+ Kb7 28. R8a7+ Kc8 1/2-1/2

[Event "CAN-ch U1600"]
[Site "Kingston CAN"]
[Date "2019.04.20"]
[Round "4.49"]
[White "Chocina, Adam"]
[Black "De Leon, Rut Jurry"]
[Result "0-1"]
[WhiteElo "1179"]
[BlackElo "1063"]
[PlyCount "150"]
[EventDate "2019.04.18"]
[EventType "swiss"]
[EventRounds "9"]
[EventCountry "CAN"]

1. d4 g6 2. c4 Bg7 3. Nf3 d6 4. Bf4 Nd7 5. e3 Ngf6 6. Nbd2 O-O 7. Bd3 b6 8. O-O
Bb7 9. Rc1 Re8 10. a3 e5 11. Bg5 e4 12. Nxe4 Bxe4 13. Bxe4 Rxe4 14. Nd2 Re8 15.
e4 c5 16. dxc5 dxc5 17. f4 Qc7 18. e5 Nh5 19. Qg4 f6 20. exf6 Ndxf6 21. Qf3 Qe7
22. f5 Qe2 23. fxg6 hxg6 24. Rce1 Qxf3 25. Nxf3 Rxe1 26. Rxe1 Nd7 27. Re7 Nhf6
28. Nh4 Re8 29. Nxg6 Rxe7 30. Nxe7+ Kf7 31. Nf5 Ne5 32. Nxg7 Kxg7 33. h4 Nxc4
34. b3 Nxa3 35. h5 Nxh5 36. Kf2 c4 37. bxc4 Nxc4 38. Kf3 b5 39. Be3 a6 40. g4
Nf6 41. Bd4 Kg6 42. Ke2 Nxg4 43. Kd3 Kf5 44. Kc3 Ke4 45. Bc5 Nge5 46. Be7 Kd5
47. Kb3 Kd4 48. Bb4 a5 49. Bxa5 Kc5 50. Bb4+ Kd5 51. Kc3 Ke6 52. Kd4 Nd6 53.
Bc5 Nc6+ 54. Kc3 Ne4+ 55. Kb3 Nxc5+ 56. Kc3 Kd5 57. Kb2 Kc4 58. Kc2 b4 59. Kb2
Kd3 60. Ka2 Kc2 61. Ka1 Ne6 62. Ka2 b3+ 63. Ka3 Ne7 64. Kb4 b2 65. Kc4 Kc1 66.
Kd3 b1=Q+ 67. Ke3 Qb4 68. Kf3 Qd4 69. Ke2 Qc3 70. Kf2 Qd3 71. Ke1 Qc2 72. Kf1
Kb2 73. Kg1 Kc3 74. Kf1 Kd3 75. Kg1 Ke3 0-1

[Event "CAN-ch U1600"]
[Site "Kingston CAN"]
[Date "2019.04.20"]
[Round "4.50"]
[White "Chau, Matthew"]
[Black "Liao, Austin"]
[Result "1-0"]
[WhiteElo "875"]
[BlackElo "902"]
[PlyCount "117"]
[EventDate "2019.04.18"]
[EventType "swiss"]
[EventRounds "9"]
[EventCountry "CAN"]

1. e4 e5 2. Nf3 Nc6 3. Bb5 Nf6 4. Nc3 a6 5. Ba4 b5 6. Bb3 Bc5 7. Nxe5 Nxe5 8.
d4 Bxd4 9. Qxd4 Nc6 10. Qd1 O-O 11. O-O h6 12. Bf4 Re8 13. Re1 d6 14. a4 b4 15.
Bd5 Nxd5 16. Nxd5 a5 17. Qf3 Nd4 18. Qd3 Ne6 19. Be3 Ba6 20. c4 bxc3 21. Qxc3
c5 22. b3 f6 23. Rab1 Rb8 24. f4 Nc7 25. Nxc7 Qxc7 26. Bd2 Bb7 27. Qc4+ Kh7 28.
Kf2 Ra8 29. Qc2 Qb6 30. e5+ Kh8 31. exf6 gxf6 32. Qg6 c4+ 33. Be3 Qc7 34. Bd4
Rf8 35. Qxh6+ Qh7 36. Bxf6+ Rxf6 37. Qxf6+ Qg7 38. Qxg7+ Kxg7 39. Re7+ Kf6 40.
Rxb7 c3 41. Rc7 Rd8 42. b4 axb4 43. Rxb4 d5 44. Rxc3 d4 45. Rd3 Kf5 46. Rbxd4
Rxd4 47. Rxd4 Kg6 48. a5 Kf5 49. a6 Ke6 50. a7 Ke7 51. a8=Q Ke6 52. Qe8+ Kf5
53. Qe5+ Kg6 54. Qg5+ Kf7 55. Rd6 Ke8 56. Qe5+ Kf8 57. Rf6+ Kg8 58. Qg5+ Kh8
59. Rh6# 1-0

[Event "CAN-ch U1600"]
[Site "Kingston CAN"]
[Date "2019.04.20"]
[Round "5.40"]
[White "Bilodeau-Savaria, Carl-William"]
[Black "Hua, Gary"]
[Result "0-1"]
[WhiteElo "1313"]
[BlackElo "1582"]
[PlyCount "64"]
[EventDate "2019.04.18"]
[EventType "swiss"]
[EventRounds "9"]
[EventCountry "CAN"]

1. e4 d5 2. exd5 Qxd5 3. Nc3 Qd6 4. d4 Nf6 5. Bc4 Bg4 6. Nf3 c6 7. d5 cxd5 8.
Nxd5 Nc6 9. Nxf6+ Qxf6 10. Be2 Rd8 11. Nd2 Bf5 12. c3 Qg6 13. O-O Bc2 14. Qe1
e6 15. Nf3 Bc5 16. b4 Bb6 17. Ba3 Qf6 18. b5 Ne7 19. Bb4 O-O 20. Bd1 Bd3 21.
Qe5 Rfe8 22. Qxf6 gxf6 23. Re1 Bxb5 24. Bc2 Nd5 25. Re4 f5 26. Rh4 f6 27. a4
Nxb4 28. cxb4 Bc6 29. a5 Bc7 30. Ne1 Be5 31. Ra3 Rd2 32. Ba4 Bxa4 0-1

[Event "CAN-ch U1600"]
[Site "Kingston CAN"]
[Date "2019.04.20"]
[Round "5.41"]
[White "Chau, Jonathan"]
[Black "Wang, Rachel"]
[Result "0-1"]
[WhiteElo "934"]
[BlackElo "1528"]
[PlyCount "76"]
[EventDate "2019.04.18"]
[EventType "swiss"]
[EventRounds "9"]
[EventCountry "CAN"]

1. d4 d5 2. c4 dxc4 3. Nf3 Nf6 4. Nc3 e6 5. a3 c5 6. e4 Nc6 7. d5 Na5 8. d6 Nb3
9. Nb5 Qa5+ 10. Nc3 Nxa1 11. Bxc4 Nxe4 12. b4 Nxc3 13. Ne5 Nxd1 14. bxa5 Bxd6
15. Bb5+ Ke7 16. Nc4 Nc3 17. Nxd6 Kxd6 18. Bf4+ e5 19. Kd2 Nxb5 20. Be3 Nb3+
21. Kc2 N3d4+ 22. Kd3 Bf5+ 23. Kd2 Nxa3 24. Ra1 Nc4+ 25. Kc3 Nxe3 26. fxe3 Rac8
27. exd4 cxd4+ 28. Kd2 Rc2+ 29. Kd1 Rxg2 30. a6 Rg1+ 31. Ke2 Rxa1 32. axb7 Ra3
33. h3 Rb8 34. Kd2 Rxb7 35. h4 Rb2+ 36. Kc1 Rc2+ 37. Kb1 Re3 38. h5 Re1# 0-1

[Event "CAN-ch U1600"]
[Site "Kingston CAN"]
[Date "2019.04.20"]
[Round "5.42"]
[White "Li, Allen"]
[Black "Azroy, Arman"]
[Result "0-1"]
[WhiteElo "1262"]
[BlackElo "1560"]
[PlyCount "84"]
[EventDate "2019.04.18"]
[EventType "swiss"]
[EventRounds "9"]
[EventCountry "CAN"]

1. e4 e6 2. d4 d5 3. exd5 exd5 4. Nf3 Nf6 5. Bd3 Bd6 6. c3 Bg4 7. Bg5 Nbd7 8.
Nbd2 c6 9. O-O O-O 10. Qc2 Qc7 11. Rfe1 Rfe8 12. a4 a5 13. Bh4 Bh5 14. Bg3 Bxg3
15. hxg3 Bg6 16. Bxg6 fxg6 17. Rxe8+ Rxe8 18. Re1 Rxe1+ 19. Nxe1 Qd6 20. Nd3 c5
21. dxc5 Nxc5 22. Nxc5 Qxc5 23. Nb3 Qc7 24. Nd4 Ne4 25. Qe2 Qd7 26. Nb5 Nc5 27.
Qd1 b6 28. Qd4 Qc6 29. Qf4 Nd7 30. Qc7 Qxc7 31. Nxc7 Nc5 32. Nxd5 Nxa4 33. b3
Nc5 34. Nxb6 Nxb3 35. Na4 Kf7 36. Kf1 Ke6 37. Ke2 Kd5 38. Kd1 Nc5 39. Nb2 Ne4
40. Kc2 Nxf2 41. Kb3 Ne4 42. c4+ Kd4 0-1

[Event "CAN-ch U1600"]
[Site "Kingston CAN"]
[Date "2019.04.20"]
[Round "5.43"]
[White "He, Jiaqi"]
[Black "Wang, Derek"]
[Result "0-1"]
[WhiteElo "1451"]
[BlackElo "1459"]
[PlyCount "60"]
[EventDate "2019.04.18"]
[EventType "swiss"]
[EventRounds "9"]
[EventCountry "CAN"]

1. e4 c5 2. Nf3 d6 3. d4 cxd4 4. Nxd4 Nf6 5. Nc3 a6 6. a3 Nbd7 7. Bc4 b5 8. Bd3
Bb7 9. O-O e6 10. Re1 Be7 11. Qf3 Ne5 12. Qe2 Qb6 13. Be3 Nfg4 14. Nxe6 Nxe3
15. Nxg7+ Kf8 16. Ne6+ fxe6 17. fxe3 Rg8 18. Qh5 Kg7 19. Kh1 Kh8 20. Qh3 Rg6
21. Rf1 Rag8 22. Ne2 Bg5 23. Nf4 Bxf4 24. exf4 Nxd3 25. cxd3 d5 26. f5 exf5 27.
Qxf5 Rxg2 28. Qe5+ R2g7 29. Rf7 Qg6 30. Rxb7 Qg2# 0-1

[Event "CAN-ch U1600"]
[Site "Kingston CAN"]
[Date "2019.04.20"]
[Round "5.44"]
[White "Sztuka, Jeremy"]
[Black "Guillemette, Hugo"]
[Result "0-1"]
[WhiteElo "1454"]
[BlackElo "1210"]
[PlyCount "82"]
[EventDate "2019.04.18"]
[EventType "swiss"]
[EventRounds "9"]
[EventCountry "CAN"]

1. f4 d5 2. Nf3 c5 3. e3 Nc6 4. Be2 Nf6 5. O-O e6 6. d3 Be7 7. Nbd2 O-O 8. Ne5
Bd7 9. Ndf3 Rc8 10. c3 Qc7 11. Qe1 Bd6 12. Qg3 Rfd8 13. Ng4 Nxg4 14. Qxg4 e5
15. f5 f6 16. e4 d4 17. c4 b6 18. Nh4 a6 19. Rf3 b5 20. Rg3 Bf8 21. Bh6 Be8 22.
cxb5 axb5 23. a4 bxa4 24. Rxa4 Ra8 25. Rc4 Ra1+ 26. Bf1 Rb8 27. Rxc5 Rxb2 28.
Rc1 Rxc1 29. Bxc1 Rb1 30. Bd2 Qf7 31. Nf3 Qh5 32. h3 Qxg4 33. hxg4 Nb4 34. Bxb4
Bxb4 35. g5 Be7 36. gxf6 Bxf6 37. Nd2 Rd1 38. Nc4 Bh5 39. Nb2 Rb1 40. Rh3 Be2
41. Kf2 Bxf1 0-1

[Event "CAN-ch U1600"]
[Site "Kingston CAN"]
[Date "2019.04.20"]
[Round "5.45"]
[White "Paulsen, Lorenz"]
[Black "Douglas, Steven"]
[Result "0-1"]
[WhiteElo "1434"]
[BlackElo "1492"]
[PlyCount "70"]
[EventDate "2019.04.18"]
[EventType "swiss"]
[EventRounds "9"]
[EventCountry "CAN"]

1. d4 Nf6 2. c4 g6 3. Nc3 Bg7 4. e4 d6 5. Bd3 O-O 6. Be3 e5 7. d5 Na6 8. Nge2
Bd7 9. Qd2 Nc5 10. Bc2 a5 11. f3 Qb8 12. Bh6 Rd8 13. g4 b5 14. Bxg7 Kxg7 15. h4
bxc4 16. Nd1 Qa7 17. h5 Rh8 18. Ng3 Qb6 19. Nf5+ Bxf5 20. exf5 Qb4 21. Nc3 a4
22. fxg6 fxg6 23. Bxg6 hxg6 24. O-O-O Nd3+ 25. Kb1 Nf4 26. Qc2 Rab8 27. Rh2 a3
28. Ne4 Qxb2+ 29. Qxb2 Rxb2+ 30. Rxb2 axb2 31. Nxf6 Kxf6 32. Kxb2 gxh5 33. Rh1
h4 34. Kc3 Nxd5+ 35. Kxc4 Ke6 0-1

[Event "CAN-ch U1600"]
[Site "Kingston CAN"]
[Date "2019.04.20"]
[Round "5.46"]
[White "De Leon, Rut Jurry"]
[Black "Chau, Matthew"]
[Result "0-1"]
[WhiteElo "1063"]
[BlackElo "875"]
[PlyCount "140"]
[EventDate "2019.04.18"]
[EventType "swiss"]
[EventRounds "9"]
[EventCountry "CAN"]

1. g3 e5 2. Bg2 d5 3. d3 Nf6 4. Nd2 Bb4 5. Ngf3 e4 6. dxe4 dxe4 7. Ng5 Bf5 8.
c3 Bc5 9. e3 h6 10. Nh3 g5 11. O-O Qd7 12. Nb3 Bd6 13. Qd4 Qe6 14. Rd1 Nc6 15.
Nc5 Nxd4 16. Nxe6 Nxe6 17. Kf1 Ng4 18. Kg1 O-O-O 19. Rd5 Be5 20. Ra5 a6 21. Bf1
Rd1 22. Kg2 f6 23. f4 Nxe3+ 24. Bxe3 Rxa1 25. fxe5 Bxh3+ 26. Kxh3 Rxf1 27. exf6
Rxf6 28. Re5 Rf3 29. Rxe4 Re8 30. Kg4 Rff8 31. Rb4 Nd8 32. Bc5 Nc6 33. Bxf8
Nxb4 34. Bxb4 Re2 35. h4 gxh4 36. gxh4 Rxb2 37. Kh5 Rh2 38. a3 b6 39. Bf8 Rc2
40. Bg7 Ra2 41. Kxh6 Rxa3 42. h5 Ra2 43. Kh7 Rh2 44. h6 Kd7 45. Kg8 Kc6 46. h7
Kd5 47. h8=Q Rxh8+ 48. Bxh8 Kc4 49. Be5 c5 50. Bc7 b5 51. Ba5 b4 52. cxb4 cxb4
53. Bc7 b3 54. Be5 a5 55. Kg7 a4 56. Bb2 Kb4 57. Kf6 a3 58. Be5 b2 59. Bd6+ Kb3
60. Be5 b1=Q 61. Ke6 Qe4 62. Kd6 Qxe5+ 63. Kxe5 a2 64. Kd5 a1=Q 65. Kc5 Qe5+
66. Kc6 Kb4 67. Kd7 Kc5 68. Kc8 Qe7 69. Kb8 Kb6 70. Kc8 Qc7# 0-1

[Event "CAN-ch U1600"]
[Site "Kingston CAN"]
[Date "2019.04.20"]
[Round "5.47"]
[White "Mai, Deren"]
[Black "Lee, Ji Won"]
[Result "0-1"]
[WhiteElo "1242"]
[BlackElo "1365"]
[PlyCount "60"]
[EventDate "2019.04.18"]
[EventType "swiss"]
[EventRounds "9"]
[EventCountry "CAN"]

1. e4 c5 2. Nc3 Nc6 3. d3 g6 4. g3 Bg7 5. Bg2 Nf6 6. Nge2 O-O 7. O-O d6 8. f4
Qc7 9. h3 Bd7 10. g4 Nd4 11. Ng3 e6 12. g5 Ne8 13. h4 f6 14. f5 exf5 15. Nd5
Qd8 16. c3 Ne6 17. exf5 gxf5 18. Nxf5 Rf7 19. gxf6 Nxf6 20. Bh6 Bc6 21. Bxg7
Nxd5 22. Qg4 Rxg7 23. Nxg7 Nxg7 24. Qc4 Kh8 25. Bxd5 Bxd5 26. Qxd5 Qxh4 27.
Qxd6 Rg8 28. Qe5 h6 29. Rf4 Qxf4 30. Qe4 Nf5+ 0-1

[Event "CAN-ch U1600"]
[Site "Kingston CAN"]
[Date "2019.04.20"]
[Round "5.48"]
[White "Gougeon, Patrick"]
[Black "Hay, Jonathan"]
[Result "0-1"]
[WhiteElo "1204"]
[BlackElo "1075"]
[PlyCount "106"]
[EventDate "2019.04.18"]
[EventType "swiss"]
[EventRounds "9"]
[EventCountry "CAN"]

1. f4 d5 2. Nf3 Nc6 3. e3 Bg4 4. h3 Bxf3 5. Qxf3 Nf6 6. Bb5 Qd6 7. c3 O-O-O 8.
b4 g6 9. a3 Bg7 10. Bb2 Rhg8 11. d3 Nd7 12. d4 f6 13. c4 e6 14. c5 Qe7 15. Bxc6
bxc6 16. Qe2 Nb8 17. b5 Kd7 18. bxc6+ Nxc6 19. Nc3 Ra8 20. Qg4 f5 21. Qe2 Qh4+
22. Qf2 Qxf2+ 23. Kxf2 a6 24. Rhb1 Rgb8 25. g4 Ra7 26. Bc1 Rab7 27. Rxb7 Rxb7
28. Rb1 Rxb1 29. Nxb1 fxg4 30. hxg4 h5 31. gxh5 gxh5 32. Kg3 Bf6 33. Kh3 Ne7
34. Nc3 Nf5 35. Ne2 Bh4 36. Kg2 Ke7 37. Ng1 Bf6 38. Nh3 Kf7 39. Ng5+ Bxg5 40.
fxg5 Kg6 41. c6 Ne7 42. Kg3 Kxg5 43. e4+ Kg6 44. exd5 exd5 45. Bf4 Nxc6 46.
Bxc7 Nxd4 47. a4 Nf5+ 48. Kf3 d4 49. Ke4 Kg5 50. a5 Kg4 51. Bb8 h4 52. Bc7 h3
53. Bb8 Ng3+ 0-1